Responses for show #3680 - Friday, September 8, 2000

Contestants

Carol Vincent, a stockbroker from Onley, Virginia

Patrick Burns, a medical document courier from Pawtucket, Rhode Island

Michel Phillips, a lawyer from Smyrna, Georgia (whose 2-day cash winnings total $22,501)

Jeopardy! Round responses

OFFICIAL STATE THINGS
MULTI-MILLION SELLING ALBUMS
LIONS
BETWEEN
WORKING ON THE RAILROAD
I'VE GOTTA "HAND" IT TO YOU
    $100 17
(M: What is gold?)

Silver

MichelPatrick
    $100 26
"Thriller"

Carol
    $100 1
Courage

Michel
    $100 6
The baker

Michel
    $100 7
(C: What is the World's Fair?)

The Summer Olympics

PatrickCarol
    $100 10
Hand-to-mouth

Carol
    $200 18
(P: What is cotton?)

Peanuts

MichelPatrick
    $200 27
The Beatles

Carol
    $200 2
Detroit

Patrick
    $200 20
Dewey

Patrick
    $200 8
Horse

Carol
    $200 12
Hand-held camera

Michel
    $300 19
Turquoise

Michel
    $300 28
Eric Clapton

Michel
    $300 3
Mouse

Carol
    $300 21
Blynken

Carol
    $300 9
George Pullman

Michel
    $300 13
Handlebar moustache

Carol
    $400 24
(C: What is a caribou?)
(M: What is a reindeer?)

Moose

MichelPatrickCarol
    $400 29
Snoop Doggy Dogg

Patrick
    $400 4
Victoria Cross

Triple Stumper
    $400 22
Porthos

Michel
    $500 11
(C: What is a chaser?)

Boilermaker

Carol
    $400 14
Handshakes

Carol
    $500 25
(P: What is a mosquito?)

Butterfly

PatrickCarol
    $500 30
(P: Who is Reba McEntire?)

Shania Twain

MichelPatrick
    $500 5
Griffin

Patrick
    $500 23
Meshach

Michel
    $500 16
Trans-Siberia/Siberian Railway

Carol
    $500 15
Hand in glove

Carol

Scores at the first commercial break (after clue 15):

Michel Patrick Carol
$700 $800 $1,200

Scores at the end of the Jeopardy! Round:

Michel Patrick Carol
$2,400 $700 $2,400

Double Jeopardy! Round responses

HISTORIC AMERICANS
BEASTLY MOVIE TITLES
MANITOBA
WHAT'S IN A NAME
ART CLASS
GIVE ME THE "AX"
    $200 8
Martha Washington

Michel
    $200 11
Teenage Mutant Ninja Turtles

Michel
    $200 23
Polar bears

Michel
    $200 18
Shaquille (O'Neal)

Carol
    $200 5
Jesus & Mary

Michel
    $200 13
Axle

Patrick
    $400 4
Orrin Hatch

Michel
    $400 12
Elephant Boy

Triple Stumper
    $400 26
Winnipeg

Michel
    $400 19
Harry

Patrick
    $400 6
Ming

Michel
    $400 14
Axiom

Patrick
    $1,700 3
(Patrick: Who is William Randolph Hearst?)
(Alex: And we wound up with Horace, Colorado... I know!)

Horace Greeley

Patrick
    $600 24
(minute to go...)

My Dog Skip

Michel
    $600 28
Wheat

Carol
    $1,000 20
Gary

Patrick
    $600 7
Lacquers

Carol
    $600 15
(P: What is an axplayer?)

Axman

Patrick
Triple Stumper
    $800 2
Alfred Stieglitz

Triple Stumper
    $800 25
Save the Tiger

Carol
    $800 29
(C: What is logging?)

Furs

MichelCarol
    $800 21
(M: What is Jacob?)

James

Michel
Triple Stumper
    $800 9
Scrolls

Michel
    $800 16
Pax Romana

Michel
    $1000 1
(C: Who was Nimitz?)

Hyman Rickover

PatrickCarol
    $1000 27
(Carol: What is "The Student Prince"?)

The Leopard

Carol
Triple Stumper
    $1000 30
"The Keystone"

Carol
    $1000 22
Carmel

Triple Stumper
    $1000 10
(P: What is oxidation?)

Patina

MichelPatrick
    $1000 17
(P: What is the axilla?)

Thorax

MichelPatrick

Scores at the end of the Double Jeopardy! Round:

Michel Patrick Carol
$8,600 -$600 $2,800
(lock game)

[wagering suggestions for these scores]

Final Jeopardy! Round responses

FINAL RESTING PLACES
(Alex: Mark Twain is the equivalent of two fathoms.)
CarolWho is Robert Fulton?
$2,000
MichelWho is Mark Twain?
$2,900
Mark Twain

Final scores:

Michel Patrick Carol
$11,500 -$600 $800
3-day champion: $34,001 3rd place: TicketsNow.com Gift Certificate 2nd place: 7-day Ireland Walking Trip from Cross Country International

Game dynamics:

Coryat scores:

Michel Patrick Carol
$8,600 $700 $3,300
23 R,
3 W
12 R
(including 1 DD),
7 W
(including 1 DD)
16 R,
6 W
(including 1 DD)

Combined Coryat: $12,600

The J! Archive is created by fans, for fans. The Jeopardy! game show and all elements thereof, including but not limited to copyright and trademark thereto, are the property of Jeopardy Productions, Inc. and are protected under law. This website is not affiliated with, sponsored by, or operated by Jeopardy Productions, Inc. Join the discussion at JBoard.tv.